[Event "AUT-chT2M 1920"]
[Site "Austria"]
[Date "2020.01.10"]
[Round "7.6"]
[White "Charaus, Florian"]
[Black "Oberngruber, Thomas"]
[Result "1-0"]
[WhiteElo "2039"]
[BlackElo "2114"]
[PlyCount "67"]
[EventDate "2019.10.11"]
[EventType "team-tourn"]
[EventRounds "11"]
[EventCountry "AUT"]
[SourceTitle "CBM 194 Extra"]
[Source "ChessBase"]
[SourceDate "2020.03.31"]
[SourceVersion "1"]
[SourceVersionDate "2020.03.31"]
[SourceQuality "1"]
[WhiteTeam "Nettingsdorf/Traun"]
[BlackTeam "Freistadt/Wartberg"]
[WhiteTeamCountry "AUT"]
[BlackTeamCountry "AUT"]

1. d4 d5 2. Nf3 e6 3. Bf4 c6 4. Nbd2 f5 5. e3 Nf6 6. Bd3 Be7 7. c3 0-0 8. h3 Ne4 9. Qe2 Nd7 10. Ne5 Nxd2 11. Qxd2 Nxe5 12. Bxe5 Bd6 13. Bxd6 Qxd6 14. f4 Bd7 15. Qf2 c5 16. 0-0 c4 17. Be2 b5 18. Bf3 a5 19. g4 Ra7 20. Kh1 Bc6 21. Rg1 Rb8 22. gxf5 exf5 23. Rg5 Qe6 24. Rag1 Rd7 25. Kh2 Kh8 26. Qh4 Rbb7 27. Bh5 Qxe3 28. Re1 Re7 29. Rxe3 Rxe3 30. Rxf5 Rb8 31. Re5 Rd3 32. Re2 Bd7 33. Bg4 Bxg4 34. Qxg4 1-0

[Event "AUT-chT2M 1819"]
[Site "Austria"]
[Date "2018.11.24"]
[Round "4.5"]
[White "Oberngruber, Thomas"]
[Black "Salvenmoser, Stefan"]
[Result "1/2-1/2"]
[WhiteElo "2107"]
[BlackElo "2197"]
[PlyCount "61"]
[EventDate "2018.10.19"]
[EventType "team-tourn"]
[EventRounds "11"]
[EventCountry "AUT"]
[SourceTitle "CBM 187 Extra"]
[Source "ChessBase"]
[SourceDate "2018.11.04"]
[SourceVersion "1"]
[SourceVersionDate "2018.11.04"]
[SourceQuality "1"]
[WhiteTeam "Freistadt/Wartberg"]
[BlackTeam "Grieskirchen/Bad Schallenberg"]
[WhiteTeamCountry "AUT"]
[BlackTeamCountry "AUT"]

1. e4 c5 2. Nc3 e6 3. Nf3 Nc6 4. d4 cxd4 5. Nxd4 Qc7 6. a3 a6 7. Be3 Nf6 8. Be2 b5 9. Nxc6 dxc6 10. f4 e5 11. f5 Bb7 12. Bf3 Rd8 13. Qe2 c5 14. Bg5 Be7 15. Bxf6 Bxf6 16. Nd5 Bxd5 17. exd5 0-0 18. Be4 c4 19. 0-0 Rd6 20. Kh1 Rb8 21. a4 Qc5 22. axb5 axb5 23. Ra2 Bd8 24. Qf2 Qd4 25. Qf3 Bb6 26. Rd1 Qc5 27. Qg3 Re8 28. Qf3 Rdd8 29. Rda1 Rb8 30. h3 Qe7 31. Rf1 1/2-1/2

[Event "AUT-chT2M 1314"]
[Site "Austria"]
[Date "2014.03.22"]
[Round "7.4"]
[White "Oberngruber, Thomas"]
[Black "Fahrner, Kurt"]
[Result "1/2-1/2"]
[WhiteElo "2098"]
[BlackElo "2343"]
[PlyCount "48"]
[EventDate "2013.10.04"]
[EventType "team-tourn"]
[EventRounds "11"]
[EventCountry "AUT"]
[SourceTitle "EXT 2015"]
[Source "ChessBase"]
[SourceDate "2014.11.20"]
[SourceVersion "1"]
[SourceVersionDate "2014.11.20"]
[SourceQuality "1"]
[WhiteTeam "Freistadt/Wartberg"]
[BlackTeam "Graz Austria"]
[WhiteTeamCountry "AUT"]
[BlackTeamCountry "AUT"]

1. e4 g6 2. d4 Bg7 3. Nc3 c6 4. Bc4 b5 5. Bb3 a5 6. Qf3 e6 7. a4 b4 8. Nce2 d5 9. exd5 cxd5 10. c4 Bb7 11. cxd5 Bxd5 12. Bxd5 Qxd5 13. Qxd5 exd5 14. Bg5 Nc6 15. Nf3 Nge7 16. Rc1 Rc8 17. Rc5 Kd7 18. Be3 h6 19. Kd2 Rc7 20. Rhc1 Rhc8 21. Bf4 Ra7 22. Be3 Rac7 23. Bf4 Ra7 24. Be3 Rac7 1/2-1/2

[Event "AUT-chT2M 1314"]
[Site "Austria"]
[Date "2013.11.16"]
[Round "4.4"]
[White "Hiermann, Dietmar"]
[Black "Oberngruber, Thomas"]
[Result "1-0"]
[WhiteElo "2276"]
[BlackElo "2098"]
[PlyCount "117"]
[EventDate "2013.10.04"]
[EventType "team-tourn"]
[EventRounds "11"]
[EventCountry "AUT"]
[SourceTitle "EXT 2015"]
[Source "ChessBase"]
[SourceDate "2014.11.20"]
[SourceVersion "1"]
[SourceVersionDate "2014.11.20"]
[SourceQuality "1"]
[WhiteTeam "Sauwald"]
[BlackTeam "Freistadt/Wartberg"]
[WhiteTeamCountry "AUT"]
[BlackTeamCountry "AUT"]

1. e4 e5 2. Nf3 Nc6 3. Bc4 Bc5 4. c3 Qe7 5. 0-0 d6 6. h3 Bb6 7. d3 Nf6 8. Nbd2 h6 9. Bb3 g5 10. Nh2 g4 11. g3 gxh3 12. Nc4 Rg8 13. Nxb6 axb6 14. Bxh6 Ng4 15. Bd2 Qf6 16. Qe2 Rg7 17. Kh1 Qg6 18. Rg1 f5 19. Nxg4 fxg4 20. Kh2 Bd7 21. f3 gxf3 22. Qxf3 Bg4 23. Qe3 Nd8 24. a3 Ne6 25. Raf1 Ke7 26. Rf2 Rf8 27. Rgf1 Rxf2+ 28. Rxf2 Rf7 29. Qe1 Rf3 30. Rxf3 Bxf3 31. Qf2 Qf6 32. Be3 Bg4 33. Qxf6+ Kxf6 34. d4 Ng5 35. Bxg5+ Kxg5 36. Bd5 c6 37. Bc4 Kf6 38. Bf1 Bf3 39. Bxh3 Bxe4 40. dxe5+ Kxe5 41. Kg1 c5 42. Kf2 b5 43. Bd7 Bd3 44. Ke3 Bc4 45. g4 d5 46. g5 d4+ 47. cxd4+ cxd4+ 48. Kd2 b4 49. axb4 Kf4 50. g6 Kg5 51. g7 Kf6 52. Bb5 Be6 53. Kd3 Kxg7 54. Kxd4 Kf6 55. Kc5 Ke5 56. Bf1 Bd5 57. Bh3 Bf3 58. Bc8 Bc6 59. Kb6 1-0

[Event "AUT-chT2M 0405"]
[Site "Austria"]
[Date "2005.01.28"]
[Round "5.6"]
[White "Winiwarter, Felix"]
[Black "Oberngruber, Thomas"]
[Result "0-1"]
[WhiteElo "2219"]
[BlackElo "2150"]
[PlyCount "78"]
[EventDate "2004.10.16"]
[EventType "team-tourn"]
[EventRounds "11"]
[EventCountry "AUT"]
[SourceTitle "EXT 2005"]
[Source "ChessBase"]
[SourceDate "2004.11.15"]
[SourceVersion "1"]
[SourceVersionDate "2004.11.15"]
[SourceQuality "1"]
[WhiteTeam "Linz SK Voest"]
[BlackTeam "Wartberg/Aist"]
[WhiteTeamCountry "AUT"]
[BlackTeamCountry "AUT"]

1. d4 f5 2. Nf3 Nf6 3. g3 e6 4. Bg2 Be7 5. 0-0 0-0 6. c4 d5 7. Nbd2 Ne4 8. Nxe4 fxe4 9. Ne1 b6 10. Nc2 Bb7 11. b3 Nd7 12. Bb2 Bf6 13. e3 Rc8 14. Qe2 Qe7 15. Rfd1 Rfd8 16. Rac1 c6 17. Ba3 Qf7 18. f3 exf3 19. Bxf3 e5 20. cxd5 cxd5 21. Bh5 g6 22. Bg4 h5 23. Bh3 exd4 24. exd4 Re8 25. Qd3 Bg5 26. Rf1 Qg7 27. Rce1 Re4 28. Bg2 Rxe1 29. Rxe1 Qf7 30. Bh3 Rc6 31. Qb5 Kh8 32. Nb4 Rd6 33. Nd3 a6 34. Qb4 Rc6 35. Bxd7 Qxd7 36. Qf8+ Kh7 37. Bc1 Rxc1 38. Nxc1 Qg4 39. Qf7+ Kh6 0-1

[Event "AUT-chT2M 0405"]
[Site "Austria"]
[Date "2004.11.28"]
[Round "4.5"]
[White "Oberngruber, Thomas"]
[Black "Wagner, Stephan"]
[Result "0-1"]
[WhiteElo "2150"]
[BlackElo "2174"]
[PlyCount "132"]
[EventDate "2004.10.16"]
[EventType "team-tourn"]
[EventRounds "11"]
[EventCountry "AUT"]
[SourceTitle "EXT 2005"]
[Source "ChessBase"]
[SourceDate "2004.11.15"]
[SourceVersion "1"]
[SourceVersionDate "2004.11.15"]
[SourceQuality "1"]
[WhiteTeam "Wartberg/Aist"]
[BlackTeam "Graz Styria"]
[WhiteTeamCountry "AUT"]
[BlackTeamCountry "AUT"]

1. e4 c5 2. Nf3 Nc6 3. d4 cxd4 4. Nxd4 Nf6 5. Nc3 e5 6. Ndb5 d6 7. a4 Be6 8. Bg5 a6 9. Na3 Rc8 10. Qd2 Be7 11. Bd3 Nd4 12. 0-0 0-0 13. h3 Bxh3 14. Be3 Bd7 15. Bxd4 exd4 16. Ne2 d5 17. exd5 Bxa4 18. Nxd4 Nxd5 19. Nc4 Bd7 20. Nf3 Bb5 21. Nce5 Bxd3 22. Nxd3 Qc7 23. c3 Rcd8 24. Rad1 Bf6 25. Rfe1 Nb6 26. Qc2 Nc4 27. Qb3 Na5 28. Qa4 Qc4 29. Qxa5 Rxd3 30. Rxd3 Qxd3 31. Qa4 g6 32. Rd1 Qf5 33. Qb3 Qc8 34. Qb6 Rd8 35. Rxd8+ Bxd8 36. Qd4 Qc7 37. Qe4 Bf6 38. Qd5 Qb6 39. Qd2 Kg7 40. Qc2 Qb5 41. Ne1 Qc4 42. Qd3 Qxd3 43. Nxd3 Be7 44. f4 Kf6 45. Kf2 Ke6 46. Ke3 Kd5 47. Ne5 f6 48. Nf3 h5 49. Kd3 b5 50. b3 Bc5 51. Nd2 Bd6 52. Ke3 a5 53. c4+ bxc4 54. bxc4+ Ke6 55. Nb3 a4 56. Nd4+ Kd7 57. f5 g5 58. Kd3 a3 59. Nb3 Be5 60. Nc1 g4 61. Kc2 h4 62. Kb3 h3 63. gxh3 gxh3 64. Nd3 Bg3 65. Nc5+ Kc6 66. Ne4 Bh4 0-1

[Event "AUT-chT2M 0405"]
[Site "Austria"]
[Date "2004.10.17"]
[Round "2.6"]
[White "Oberngruber, Thomas"]
[Black "Toefferl, Heimo"]
[Result "1-0"]
[WhiteElo "2150"]
[BlackElo "2161"]
[PlyCount "55"]
[EventDate "2004.10.16"]
[EventType "team-tourn"]
[EventRounds "11"]
[EventCountry "AUT"]
[SourceTitle "EXT 2005"]
[Source "ChessBase"]
[SourceDate "2004.11.15"]
[SourceVersion "1"]
[SourceVersionDate "2004.11.15"]
[SourceQuality "1"]
[WhiteTeam "Wartberg/Aist"]
[BlackTeam "Wolfsberg"]
[WhiteTeamCountry "AUT"]
[BlackTeamCountry "AUT"]

1. e4 e6 2. d4 d5 3. exd5 exd5 4. Bd3 Bd6 5. Ne2 Ne7 6. Nbc3 c6 7. Bg5 f6 8. Bf4 Bf5 9. Bxd6 Qxd6 10. Ng3 Bxd3 11. Qxd3 Na6 12. 0-0 0-0 13. Rfe1 Rfe8 14. a3 Nc7 15. Re3 Ng6 16. Rae1 Qd7 17. Qf5 Qf7 18. Qg4 Rxe3 19. Rxe3 Re8 20. Nd1 Rxe3 21. Nxe3 Qe6 22. Ngf5 b6 23. h4 Qe4 24. Qg3 Ne6 25. Qb8+ Ngf8 26. Qe8 Qf4 27. Ne7+ Kh8 28. Qf7 1-0